Quién es quien en la mitología/ (Registro nro. 53448)
[ vista simple ]
| 000 -LEADER | |
|---|---|
| campo de control de longitud fija | 01261nam a22002417a 4500 |
| 003 - IDENTIFICADOR DE NÚMERO DE CONTROL | |
| campo de control | OSt |
| 005 - FECHA Y HORA DE LA ÚLTIMA TRANSACCIÓN | |
| campo de control | 20241122152802.0 |
| 008 - DATOS DE LONGITUD FIJA--INFORMACIÓN GENERAL | |
| campo de control de longitud fija | 240923s2012 sp a gr 000 1 spa d |
| 020 ## - NÚMERO INTERNACIONAL ESTÁNDAR DEL LIBRO | |
| Número Internacional Estándar del Libro | 978-84-9794-132-7 |
| 040 ## - FUENTE DE CATALOGACIÓN | |
| Lengua de catalogación | spa |
| Centro/agencia transcriptor | umch |
| Centro/agencia modificador | umch |
| Normas de descripción | rad |
| 082 ## - NÚMERO DE LA CLASIFICACIÓN DECIMAL DEWEY | |
| Número de clasificación | 291.13/M97 |
| 100 ## - ENTRADA PRINCIPAL--NOMBRE DE PERSONA | |
| Nombre de persona | Murray, Alexander S., |
| Fechas asociadas al nombre | 1841-1904 |
| 245 ## - MENCIÓN DEL TÍTULO | |
| Título | Quién es quien en la mitología/ |
| Mención de responsabilidad, etc. | Alexander S. Murray; traducción Cristina María Borrego. |
| 260 ## - PUBLICACIÓN, DISTRIBUCIÓN, ETC. | |
| Lugar de publicación, distribución, etc. | Madrid : |
| Nombre del editor, distribuidor, etc. | Edimat Libros, |
| Fecha de publicación, distribución, etc. | 2012 |
| 300 ## - DESCRIPCIÓN FÍSICA | |
| Extensión | 300 p. : |
| Otras características físicas | il. ; |
| Dimensiones | 23 cm. |
| 490 ## - MENCIÓN DE SERIE | |
| Mención de serie | Mitos y leyendas |
| 500 ## - NOTA GENERAL | |
| Nota general | Título original: Who's who in Mythology. |
| 505 0# - NOTA DE CONTENIDO CON FORMATO | |
| Información miscelánea | Capítulo I: |
| Título | La creación del mundo-- |
| Información miscelánea | Capítulo II: |
| Título | La creación del hombre-- |
| Información miscelánea | Capítulo III: |
| Título | La raza de héroes más jóvenes y las guerras contra Tebas y Troya-- |
| Información miscelánea | Capítulo IV: |
| Título | La mitología eswcandinava y la antigua mitología-- |
| Información miscelánea | Capítulo V: |
| Título | La mitología y la religión de los hindúes-- |
| Información miscelánea | Capítulo VI: |
| Título | La mitología y la religión de los Egipto. |
| 520 ## - RESUMEN, ETC. | |
| Sumario, etc. | Muestra las historias y hazañas de los dioses de la mitología griega y romana. También hace referencia a la mitología escandinava, la germana, la hindú y la egipcia. |
| 650 ## - PUNTO DE ACCESO ADICIONAL DE MATERIA--TÉRMINO DE MATERIA | |
| Término de materia o nombre geográfico como elemento de entrada | Mitología griega |
| 700 1# - ENTRADA AGREGADA--NOMBRE PERSONAL | |
| Nombre de persona | Borrego, Cristina María, |
| Término indicativo de función/relación | traductora |
| 942 ## - ELEMENTOS DE ENTRADA SECUNDARIOS (KOHA) | |
| Fuente del sistema de clasificación o colocación | Clasificación Decimal Dewey |
| Tipo de ítem Koha | Libros |
| Suprimir en OPAC | No |
| Estatus retirado | Estado de pérdida | Fuente del sistema de clasificación o colocación | Estado de daño | No para préstamo | Biblioteca de origen | Biblioteca actual | Fecha de adquisición | Fuente de adquisición | Total checkouts | Signatura topográfica completa | Código de barras | Visto por última vez | Precio de reemplazo | Tipo de ítem Koha |
|---|---|---|---|---|---|---|---|---|---|---|---|---|---|---|
| Clasificación Decimal Dewey | Biblioteca Central | Biblioteca Central | 23/09/2024 | Donación | 231.13/M97 | 035444 | 23/09/2024 | 23/09/2024 | Libros |

